Тест на общие знания №16 - Statistics

General Stats
  • This quiz has been taken 51 times
  • The average score is 10 of 20
Answer Stats
Вопрос Ответ % Correct
Обладателям какой группы крови можно перелить любую другую группу (без учёта резуса)? IV (AB)
89%
Какое орудие обычно предлагают зарыть в землю, чтобы забыть разногласия? топор
84%
Что в 1957-м году совершила собака Лайка, что до этого не делало ни одно животное? полёт в космос
84%
Как называется участок суши, с трёх сторон окружённый водой? полуостров
82%
Что любит библиофил? книги
79%
Какое крупное озеро расположено между Иркутской областью и Республикой Бурятия? Байкал
66%
Столицей какого субъекта России является Уфа? Республика Башкортостан
63%
В припеве какой песни Эминем произносит около 6 слов в секунду? "Rap God"
53%
За главную роль в каком фильме Леонардо ди Каприо получил "Оскар" в 2016-м году? "Выживший"
50%
Какая фамилия у кинорежиссёра Питера, музыканта Майкла и президента США Эндрю? Джексон
50%
В кого превратился Канэки Кэн после того, как ему перелили кровь Ридзэ Камисиро? гуль
47%
Кубический корень из 343? 7
47%
В состав какой супергеройской команды входят Супермен, Бэтмен, Чудо-женщина, Аквамен и другие? Лига Справедливости
39%
Благодаря какому элементу поверхность Марса окрашена в красный цвет? железо
37%
Главным антагонистом какого фильма является Антон Чигур? "Старикам тут не место"
32%
Какой стране объявили войну из-за футбольного матча в 1969-м году? Гондурас
21%
К какой расе относился Чубакка из "Звёздных войн"? вуки
13%
Что коллекционирует бонист? купюры
11%
Название какого криптида дословно переводится с испанского как "сосущий кровь"? Чупакабра
11%
Какое животное послужило вдохновителем для дизайна второй формы Шин-Годзиллы? плащеносная акула
5%
No matching quizzes found
Score Distribution
Percent of People with Each Score
Percentile by Number Answered
Your Score History
You have not taken this quiz